000 00749nam a2200205 4500
001 131435
003 ES-MaACL
005 20250902111732.0
007 t|
008 070214s1950 sp r ||||1| spa d
100 1 _aRoca Traver, Francisco A.
_998015
245 1 3 _aEl Gremio de Curtidores de Castellón
_b: unas Ordenanzas desconocidas del siglo XIV /
_cFrancisco A. Roca Traver.
260 _aCastellón de la Plana :
_bSociedad Castellonense de Cultura,
_c1950.
300 _a27 p. ;
_c21 cm.
490 1 _aObras de investigación histórica ;
_v29
710 2 _aSociedad Castellonense de Cultura
_96649
830 0 _aObras de investigación histórica ;
_v29
_9184578
852 _aES-MaACL
_j1924-F-7
_bR.30253
999 _c131435
_d131435